000 00845nam a2200241 a 4500
001 54489
003 BD-RjUL
005 20211209080129.0
008 161107s1971 bg ||||| |||| 00| p ben d
020 _c: Tk. 16.00
035 _a(BD-RjUL)54611
040 _aBD-RjUL
_bben
_cBD-RjUL
041 _aben
082 _223
_a891.44108
_bMOK 1971
100 _aমোস্তফা, গোলাম
_9124144
245 1 0 _aকাব্যগ্রন্থাবলী /
_cগোলাম মোস্তফা
260 _aঢাকা :
_bআহমদ পাবলিশিং হাউস,
_c১৯৭১
300 _aখণ্ড. ;
_c২৩ সেমি.
505 _aখপণ্ড ১ --
650 _aবাংলা কবিতা
_xসংগ্রহ
_9126131
650 _aBengali Poetry
_xCollection
_9126132
942 _2ddc
_cBK
999 _c54489
_d54489